al-Mahạ̄sin wa-al-adḍād /
Main Author:
Format: Book
Language: Arabic
Published:
[Beirut] :
Maktbat al-írfan,
[195-].
Subjects:
Tags: Add Tag
Call Number: PJ7741 .J3 M3 195-
| LEADER | 00789nam a22002057a 4500 | ||
|---|---|---|---|
| 003 | OSt | ||
| 005 | 20251110113204.0 | ||
| 008 | 251110t19501959le 000 0 ara d | ||
| 040 | |c ARCE Library | ||
| 050 | 1 | 4 | |a PJ7741 .J3 |b M3 195- |
| 100 | 0 | |6 880-01 |a Jāḥiẓ, |d d. 868 or 9. | |
| 245 | 1 | 3 | |6 880-02 |a al-Mahạ̄sin wa-al-adḍād / |c taʼlīf Abī ʻUthmān ʻAmr ibn Bahṛ al-Jāhịz ̣al-Basṛī. |
| 260 | |6 880-04 |a [Beirut] : |b Maktbat al-írfan, |c [195-]. | ||
| 300 | |a 303 p. ; |c 25 cm. | ||
| 650 | 0 | |a Arabic literature |v Early works to 1800. | |
| 880 | 0 | |6 100-01/(3/r |a جاحظ، |d 9 or 868 .d. | |
| 880 | 1 | 2 | |6 245-02/(3/r |a المحاسن والأضداد |c تأليف أبي عثمان عمرو بن بحر الجاحظ البصري |
| 901 | |a reviewed | ||
| 942 | |2 lcc |c BK | ||
| 999 | |c 57117 |d 57117 | ||
